000 00375nam a2200169Ia 4500
001 9563
003 IN-NITTTR
005 20251114233048.0
008 251113s9999||||xx |||||||||||||| ||eng||
040 _beng
040 _cIN-NITTTR
041 _aeng
082 _a615. 535 J982R
100 _aJust, Adolf
245 0 _aReturn to nature. /
_cJust, Adolf
942 _2ddc
_cBK
999 _c12200
_d12200